LEADER 01033nam a2200241 4500 001 000000343433 003 CaOOAMICUS 005 20201218000000.0 008 201218s1966 it a 000 u ita r 040 $aSeMil$bita 245 12$aI fioretti di S. Francesco /$criduzione di Anna Curcio ; illustrazioni di Donatella Ruggieri. 264 1$aPadova :$bRADAR,$c1966. 300 $a168 p. :$bill. ;$c27 cm 490 1 $aCollana Primavera 650 4$aFrancesco : d'Assisi . Fioretti.$0(OLS)http://semarc/subject/7644 700 1 $aCurcio, Anna,$ecuratrice.$0(OLS)http://semarc/name/112657 700 1 $aRuggieri, Donatella,$eillustratrice.$0(OLS)http://semarc/name/112658 830 0$aPrimavera.$0(OLS)http://semarc/title/432401 850 $aSeMil 852 $aSeMil$W1$xVenegono$y1$m3H V 14$j223203$B234421$CSeMilBibl$Z2$F234421 $81 996 $6245$aI fioretti di S. Francesco$9(OLS)http://semarc/title/141267 996 $6264$aPadova :$bRADAR$9(OLS)http://semarc/publisher/33643 LEADER 01220nam a2200265 i 4500 001 000000035439 003 CaOOAMICUS 005 20040407000000.0 008 040407s1989 it u000 u ita u 013 $a3699 040 $aSeMil$bita 100 1 $aPassolunghi, Pier Angelo.$0(OLS)http://semarc/name/5475 245 10$aCatalogo per Susegana /$cPier Angelo Passolunghi. 260 $aSusegana :$bAmministrazione Comunale, Biblioteca Comunale,$ccopyr. 1989. 300 $a274 p. :$briccamente ill. ;$c33 cm. 490 0 $aItalia Veneta ;$v6 500 $aIn testa al front. : Dedica autografa dell'Autore. - In Appendice : Armature da cavallo già nel Castello di San Salvatore, dello stesso A. 650 4$aArte - Cataloghi.$0(OLS)http://semarc/subject/5835 650 4$aSusegana.$0(OLS)http://semarc/subject/6443 830 0$aItalia veneta ;$v6.$0(OLS)http://semarc/title/15013 850 $aSeMil 852 $aSeMil$W1$xVenegono$y1$m5N IX 55$j1594$B1594$CSeMilBibl$Z2$F1594 $8I 961 $aOmaggio: Rimoldi mons. Antonio 996 $6245$aCatalogo per Susegana$9(OLS)http://semarc/title/48511 996 $6260$aSusegana :$bAmministrazione Comunale, Biblioteca Comunale$9(OLS)http://semarc/publisher/39747 LEADER 01066nam a2200241 i 4500 001 000000043331 003 CaOOAMICUS 005 20090812000000.0 008 090812s1951 it u000 u ita u 013 $a14501 040 $aSeMil$bita 100 1 $aBertetto, Domenico .$0(OLS)http://semarc/name/9748 245 10$aMaria corredentrice :$bla cooperazione prossima e immediata di Maria alla redenzione cristiana /$cDomenico Bertetto. 260 $aAlba :$bPaoline,$c1951. 300 $a144 p. ;$c21 cm. 490 0 $aCatholica ;$v15 650 4$aMadonna - Mediazione divina.$0(OLS)http://semarc/subject/6304 650 4$aMariologia.$0(OLS)http://semarc/subject/451 830 0$aCatholica ;$v15.$0(OLS)http://semarc/title/6164 850 $aSeMil 852 $aSeMil$W1$xVenegono$y1$m2B II 140$j9486$B9486$CSeMilBibl$Z2$F9486 $81 996 $6245$aMaria corredentrice :$bla cooperazione prossima e immediata di Maria alla redenzione cristiana$9(OLS)http://semarc/title/63604 996 $6260$aAlba :$bPaoline$9(OLS)http://semarc/publisher/29692 LEADER 01079nam a2200253 i 4500 001 000000079001 003 CaOOAMICUS 005 20170322000000.0 008 170322s2009 it u000 u ita u 013 $a51238 020 $a88-89667-22-2 040 $aSeMil$bita 245 13$aIl Natale :$bcon i mosaici di M.I. Rupnik e dell'Atelier del Centro Aletti /$ca cura di Natasa Govekar. 260 $aRoma :$bLipa,$c2009. 300 $a44 p. :$bill. ;$c22 cm. 650 4$aNatale - Meditazioni.$0(OLS)http://semarc/subject/7608 650 4$aRupnik, Marko Ivan - Mosaici.$0(OLS)http://semarc/subject/34593 700 1 $aGovekar, Nata?a.$0(OLS)http://semarc/name/91123 850 $aSeMil 852 $aSeMil$W1$xVenegono$y1$m5X VI 87$j44779$B44779$CSeMilBibl$Z2$F46597 $81 961 $aLascito: Coronelli don Renato 996 $6020$a88-89667-22-2$9(OLS)http://semarc/number/270248 996 $6245$aIl Natale :$bcon i mosaici di M.I. Rupnik e dell'Atelier del Centro Aletti$9(OLS)http://semarc/title/403079 996 $6260$aRoma :$bLipa$9(OLS)http://semarc/publisher/31573 LEADER 00721nam a2200205 i 4500 001 000000099266 003 CaOOAMICUS 005 20030924000000.0 008 030924s1973 xx u000 u und u 013 $a71418 040 $aSeMil$bita 100 1 $aLagorio, Gina <1922-2005>.$0(OLS)http://semarc/name/4079 245 10$aSui racconti di Sbarbaro. 260 $aParma :$bGuanda,$c1973. 300 $a102 p. 650 4$aSbarbaro, Camillo.$0(OLS)http://semarc/subject/15082 850 $aSeMil 852 $aSeMil$W1$xVenegono$y1$m177 6 *$j56837$B56837$CSeMilBibl$Z2$F66777 $81 996 $6245$aSui racconti di Sbarbaro$9(OLS)http://semarc/title/146851 996 $6260$aParma :$bGuanda$9(OLS)http://semarc/publisher/31392